[Event "World Senior chT-65 2019"]
[Site "Rhodes"]
[Date "2019.04.18"]
[Round "3.22"]
[White "Melkeraen, Terje"]
[Black "Gudmundsson, Kristjan"]
[Result "0-1"]
[WhiteElo "2006"]
[BlackElo "2268"]
[PlyCount "60"]
[EventDate "2019.04.16"]
[EventType "team-tourn"]
[EventCountry "GRE"]
[TimeControl "40/5400+30:1800+30"]

1. d4 {[%emt 0:00:00]} Nf6 {[%emt 0:05:44]} 2. c4 {[%emt 0:00:19]} g6 {[%emt 0:00:51]} 3. Nc3 {[%emt 0:00:08]} Bg7 {[%emt 0:00:05]} 4. e4 {[%emt 0:00:17]} d6 {[%emt 0:00:04]} 5. f3 {[%emt 0:00:07]} e5 {[%emt 0:00:30]} 6. d5 {[%emt 0:02:25]} Nh5 {[%emt 0:01:36]} 7. Be3 {[%emt 0:00:22]} f5 {[%emt 0:00:09]} 8. Qd2 {[%emt 0:01:09]} f4 {[%emt 0:00:10]} 9. Bf2 {[%emt 0:00:03]} Bf6 {[%emt 0:00:03]} 10. Nge2 {[%emt 0:01:16]} Bh4 {[%emt 0:00:37]} 11. g3 {[%emt 0:02:03]} Bg5 {[%emt 0:00:25]} 12. g4 {[%emt 0:04:15]} Bxg4 {[%emt 0:01:09]} 13. fxg4 {[%emt 0:00:27]} f3 {[%emt 0:00:02]} 14. Be3 {[%emt 0:00:58]} Bxe3 {[%emt 0:00:12]} 15. Qxe3 {[%emt 0:00:32]} fxe2 {[%emt 0:00:03]} 16. Nxe2 {[%emt 0:00:46]} Qh4+ {[%emt 0:01:28]} 17. Kd2 {[%emt 0:00:39]} Nf4 {[%emt 0:21:25]} 18. Qg3 {[%emt 0:05:37]} g5 {[%emt 0:10:11]} 19. Qxh4 {[%emt 0:05:49]} gxh4 {[%emt 0:00:03]} 20. Nxf4 {[%emt 0:00:13]} exf4 {[%emt 0:00:01]} 21. e5 {[%emt 0:02:31]} Nd7 {[%emt 0:08:57]} 22. e6 {[%emt 0:04:02]} Ne5 {[%emt 0:01:45]} 23. Bd3 {[%emt 0:11:13]} Ke7 {[%emt 0:01:53]} 24. b3 {[%emt 0:02:11]} Rag8 {[%emt 0:03:13]} 25. Bf5 {[%emt 0:04:05]} h5 {[%emt 0:02:22]} 26. Raf1 {[%emt 0:06:27]} hxg4 {[%emt 0:06:01]} 27. Rxf4 {[%emt 0:02:01]} g3 {[%emt 0:02:56]} 28. Bh3 {[%emt 0:02:55]} Rf8 {[%emt 0:02:16]} 29. Ke3 {[%emt 0:04:48]} Rxf4 {[%emt 0:01:33]} 30. Kxf4 {[%emt 0:00:39]} Nd3+ {[%emt 0:03:05]} 0-1

[Event "World Senior chT-65 2019"]
[Site "Rhodes"]
[Date "2019.04.18"]
[Round "3.23"]
[White "Halldorsson, Bragi"]
[Black "Johnsen, Oystein"]
[Result "0-1"]
[WhiteElo "2112"]
[BlackElo "1986"]
[PlyCount "110"]
[EventDate "2019.04.16"]
[EventType "team-tourn"]
[EventCountry "GRE"]
[TimeControl "40/5400+30:1800+30"]

1. d4 {[%emt 0:00:00]} d5 {[%emt 0:00:00]} 2. c4 {[%emt 0:00:00]} c6 {[%emt 0:00:00]} 3. Nc3 {[%emt 0:00:00]} Nf6 {[%emt 0:00:00]} 4. Nf3 {[%emt 0:00:18]} a6 {[%emt 0:00:21]} 5. e3 {[%emt 0:00:41]} Bf5 {[%emt 0:00:41]} 6. b3 {[%emt 0:01:40]} e6 {[%emt 0:00:53]} 7. Be2 {[%emt 0:00:55]} h6 {[%emt 0:00:33]} 8. O-O {[%emt 0:01:39]} Bd6 {[%emt 0:09:00]} 9. Ne5 {[%emt 0:00:36]} O-O {[%emt 0:02:04]} 10. f4 {[%emt 0:00:38]} Ne4 {[%emt 0:08:21]} 11. Bb2 {[%emt 0:02:32]} Nd7 {[%emt 0:02:29]} 12. Bd3 {[%emt 0:05:17]} Ndf6 {[%emt 0:12:21]} 13. c5 {[%emt 0:01:23]} Bc7 {[%emt 0:02:52]} 14. b4 {[%emt 0:01:06]} Nxc3 {[%emt 0:00:12]} 15. Bxc3 {[%emt 0:00:14]} Bxd3 {[%emt 0:00:05]} 16. Qxd3 {[%emt 0:00:17]} Ne4 {[%emt 0:00:11]} 17. a4 {[%emt 0:02:17]} Bxe5 {[%emt 0:07:10]} 18. dxe5 {[%emt 0:00:51]} f5 {[%emt 0:14:08]} 19. exf6 {[%emt 0:00:23]} Nxc3 {[%emt 0:00:11]} 20. fxg7 {[%emt 0:00:16]} Kxg7 {[%emt 0:01:55]} 21. Qxc3+ {[%emt 0:00:18]} Qf6 {[%emt 0:00:00]} 22. Qd4 {[%emt 0:02:03]} Rfe8 {[%emt 0:01:22]} 23. Ra2 {[%emt 0:05:54]} e5 {[%emt 0:01:47]} 24. Qd3 {[%emt 0:04:42]} e4 {[%emt 0:03:51]} 25. Qd1 {[%emt 0:04:50]} Rad8 {[%emt 0:03:52]} 26. Rd2 {[%emt 0:01:03]} Qc3 {[%emt 0:03:32]} 27. Qa1 {[%emt 0:04:37]} d4 {[%emt 0:01:58]} 28. Qxc3 {[%emt 0:01:02]} dxc3 {[%emt 0:00:02]} 29. Rc2 {[%emt 0:00:51]} Rd3 {[%emt 0:02:18]} 30. Rfc1 {[%emt 0:01:40]} Rxe3 {[%emt 0:01:33]} 31. Rxc3 {[%emt 0:00:15]} Rxc3 {[%emt 0:01:29]} 32. Rxc3 {[%emt 0:00:13]} e3 {[%emt 0:00:12]} 33. Kf1 {[%emt 0:00:39]} Re4 {[%emt 0:00:19]} 34. g3 {[%emt 0:00:37]} Rxb4 {[%emt 0:01:04]} 35. Rxe3 {[%emt 0:00:12]} Kf6 {[%emt 0:00:23]} 36. Kg2 {[%emt 0:02:17]} Rxa4 {[%emt 0:00:33]} 37. Rb3 {[%emt 0:00:13]} Rc4 {[%emt 0:00:47]} 38. Rxb7 {[%emt 0:00:24]} Rxc5 {[%emt 0:00:11]} 39. g4 {[%emt 0:01:42]} a5 {[%emt 0:02:13]} 40. Ra7 {[%emt 0:00:00]} h5 {[%emt 0:00:00]} 41. g5+ {[%emt 0:08:38]} Kf5 {[%emt 0:11:36]} 42. Rf7+ {[%emt 0:09:56]} Kg6 {[%emt 0:02:55]} 43. Rd7 {[%emt 0:06:30]} a4 {[%emt 0:06:52]} 44. Ra7 {[%emt 0:00:30]} Rc4 {[%emt 0:00:23]} 45. Kf3 {[%emt 0:00:10]} Kf5 {[%emt 0:00:34]} 46. Rf7+ {[%emt 0:01:05]} Kg6 {[%emt 0:00:25]} 47. Ra7 {[%emt 0:01:36]} Kf5 {[%emt 0:00:20]} 48. Rf7+ {[%emt 0:03:46]} Kg6 {[%emt 0:00:07]} 49. Rf6+ {[%emt 0:00:41]} Kg7 {[%emt 0:00:23]} 50. Rd6 {[%emt 0:00:36]} a3 {[%emt 0:02:49]} 51. f5 {[%emt 0:00:55]} Ra4 {[%emt 0:06:23]} 52. Rd7+ {[%emt 0:00:30]} Kf8 {[%emt 0:03:20]} 53. g6 {[%emt 0:01:42]} Ke8 {[%emt 0:05:42]} 54. Rh7 {[%emt 0:00:25]} a2 {[%emt 0:02:21]} 55. f6 {[%emt 0:00:17]} a1=Q {[%emt 0:00:49]} 0-1

[Event "World Senior chT-65 2019"]
[Site "Rhodes"]
[Date "2019.04.18"]
[Round "3.24"]
[White "Bjorgvik, Jan Arne"]
[Black "Kristinsson, Jon"]
[Result "0-1"]
[WhiteElo "1779"]
[BlackElo "2094"]
[PlyCount "84"]
[EventDate "2019.04.16"]
[EventType "team-tourn"]
[EventCountry "GRE"]
[TimeControl "40/5400+30:1800+30"]

1. e4 {[%emt 0:00:00]} e5 {[%emt 0:00:02]} 2. Nf3 {[%emt 0:00:00]} Nc6 {[%emt 0:00:08]} 3. Bc4 {[%emt 0:00:56]} Bc5 {[%emt 0:00:17]} 4. O-O {[%emt 0:01:22]} Nf6 {[%emt 0:00:09]} 5. Nc3 {[%emt 0:01:00]} d6 {[%emt 0:00:29]} 6. h3 {[%emt 0:00:47]} O-O {[%emt 0:00:41]} 7. d3 {[%emt 0:01:02]} Be6 {[%emt 0:00:28]} 8. Bg5 {[%emt 0:05:03]} h6 {[%emt 0:00:36]} 9. Bh4 {[%emt 0:04:51]} Nd4 {[%emt 0:03:03]} 10. Nxd4 {[%emt 0:04:13]} Bxd4 {[%emt 0:00:21]} 11. Qf3 {[%emt 0:06:47]} g5 {[%emt 0:06:07]} 12. Bg3 {[%emt 0:00:37]} Bxc4 {[%emt 0:00:22]} 13. dxc4 {[%emt 0:00:30]} Bxc3 {[%emt 0:00:17]} 14. bxc3 {[%emt 0:00:55]} Qe7 {[%emt 0:01:10]} 15. h4 {[%emt 0:01:54]} Qe6 {[%emt 0:00:27]} 16. Qd3 {[%emt 0:05:31]} Qg4 {[%emt 0:04:31]} 17. Qf3 {[%emt 0:03:01]} Qxf3 {[%emt 0:01:00]} 18. gxf3 {[%emt 0:00:19]} Nd7 {[%emt 0:00:43]} 19. Rab1 {[%emt 0:02:08]} b6 {[%emt 0:00:13]} 20. a4 {[%emt 0:01:27]} a5 {[%emt 0:00:11]} 21. Rb3 {[%emt 0:02:38]} Nc5 {[%emt 0:00:41]} 22. Ra3 {[%emt 0:00:24]} f5 {[%emt 0:00:21]} 23. hxg5 {[%emt 0:05:29]} hxg5 {[%emt 0:00:04]} 24. Re1 {[%emt 0:00:53]} f4 {[%emt 0:01:33]} 25. Bh2 {[%emt 0:00:17]} Kg7 {[%emt 0:00:26]} 26. Kg2 {[%emt 0:01:36]} Rh8 {[%emt 0:00:37]} 27. Bg1 {[%emt 0:06:49]} Rh4 {[%emt 0:01:30]} 28. Kf1 {[%emt 0:02:11]} Kf6 {[%emt 0:00:22]} 29. Raa1 {[%emt 0:03:48]} Rg8 {[%emt 0:06:49]} 30. Ke2 {[%emt 0:05:15]} Rh1 {[%emt 0:00:37]} 31. Rf1 {[%emt 0:03:41]} Rgh8 {[%emt 0:01:42]} 32. Rfe1 {[%emt 0:01:48]} R8h3 {[%emt 0:00:22]} 33. Ra3 {[%emt 0:02:06]} Kg6 {[%emt 0:02:57]} 34. Rd1 {[%emt 0:04:29]} g4 {[%emt 0:03:44]} 35. fxg4 {[%emt 0:00:33]} Nxe4 {[%emt 0:00:18]} 36. Rd3 {[%emt 0:05:07]} Ng5 {[%emt 0:01:25]} 37. Kf1 {[%emt 0:05:53]} Nf3 {[%emt 0:02:12]} 38. Rxf3 {[%emt 0:00:37]} Rxf3 {[%emt 0:00:02]} 39. Kg2 {[%emt 0:00:48]} Rhh3 {[%emt 0:00:09]} 40. c5 {[%emt 0:00:00]} Rxc3 {[%emt 0:00:00]} 41. Rxc3 {[%emt 0:05:19]} Rxc3 {[%emt 0:01:04]} 42. cxb6 {[%emt 0:00:23]} cxb6 {[%emt 0:00:03]} 0-1

[Event "World Senior chT-65 2019"]
[Site "Rhodes"]
[Date "2019.04.18"]
[Round "3.25"]
[White "Rooze, Jan"]
[Black "Boehnisch, Manfred"]
[Result "1/2-1/2"]
[WhiteElo "2261"]
[BlackElo "2287"]
[PlyCount "49"]
[EventDate "2019.04.16"]
[EventType "team-tourn"]
[EventCountry "GRE"]
[TimeControl "40/5400+30:1800+30"]

1. Nf3 {[%emt 0:00:00]} d5 {[%emt 0:00:00]} 2. c4 {[%emt 0:00:00]} c6 {[%emt 0:00:00]} 3. e3 {[%emt 0:00:00]} Nf6 {[%emt 0:00:17]} 4. Nc3 {[%emt 0:00:00]} Bg4 {[%emt 0:00:20]} 5. Qb3 {[%emt 0:02:32]} Qb6 {[%emt 0:00:39]} 6. cxd5 {[%emt 0:01:11]} Qxb3 {[%emt 0:04:42]} 7. axb3 {[%emt 0:00:06]} Bxf3 {[%emt 0:00:14]} 8. gxf3 {[%emt 0:00:18]} Nxd5 {[%emt 0:00:14]} 9. Nxd5 {[%emt 0:02:14]} cxd5 {[%emt 0:00:11]} 10. d4 {[%emt 0:20:36]} e6 {[%emt 0:01:41]} 11. Bd2 {[%emt 0:00:55]} Nc6 {[%emt 0:01:45]} 12. Ra4 {[%emt 0:09:28]} Bd6 {[%emt 0:13:29]} 13. b4 {[%emt 0:00:44]} Kd7 {[%emt 0:00:42]} 14. b5 {[%emt 0:00:19]} Ne7 {[%emt 0:00:16]} 15. Bd3 {[%emt 0:01:08]} b6 {[%emt 0:18:31]} 16. Ke2 {[%emt 0:00:51]} Kc7 {[%emt 0:01:44]} 17. f4 {[%emt 0:05:19]} Kb7 {[%emt 0:01:12]} 18. Rha1 {[%emt 0:03:19]} f5 {[%emt 0:11:24]} 19. f3 {[%emt 0:01:54]} Rhf8 {[%emt 0:00:24]} 20. Be1 {[%emt 0:07:48]} Rf6 {[%emt 0:03:48]} 21. Bg3 {[%emt 0:01:46]} Rf7 {[%emt 0:02:28]} 22. Kf2 {[%emt 0:09:22]} Bc7 {[%emt 0:06:06]} 23. Kg2 {[%emt 0:03:28]} Bd6 {[%emt 0:01:29]} 24. Kh1 {[%emt 0:06:30]} Rff8 {[%emt 0:00:47]} 25. Kg2 {[%emt 0:02:20]} 1/2-1/2

[Event "World Senior chT-65 2019"]
[Site "Rhodes"]
[Date "2019.04.18"]
[Round "3.26"]
[White "Beltz, Robert"]
[Black "Van de Wynkele, Herman"]
[Result "1-0"]
[WhiteElo "2158"]
[BlackElo "2129"]
[PlyCount "58"]
[EventDate "2019.04.16"]
[EventType "team-tourn"]
[EventCountry "GRE"]
[TimeControl "40/5400+30:1800+30"]

1. Nf3 {[%emt 0:00:00]} g6 {[%emt 0:00:00]} 2. g3 {[%emt 0:01:44]} Bg7 {[%emt 0:00:00]} 3. c4 {[%emt 0:00:47]} e5 {[%emt 0:00:48]} 4. Nc3 {[%emt 0:00:16]} f5 {[%emt 0:00:52]} 5. d3 {[%emt 0:03:45]} Ne7 {[%emt 0:01:18]} 6. Bg2 {[%emt 0:00:35]} O-O {[%emt 0:01:16]} 7. O-O {[%emt 0:00:11]} h6 {[%emt 0:00:29]} 8. Bd2 {[%emt 0:02:41]} g5 {[%emt 0:01:10]} 9. b4 {[%emt 0:14:22]} Ng6 {[%emt 0:02:50]} 10. Rb1 {[%emt 0:04:52]} Nc6 {[%emt 0:10:42]} 11. Nd5 {[%emt 0:03:26]} f4 {[%emt 0:21:41]} 12. Bc3 {[%emt 0:05:22]} g4 {[%emt 0:02:02]} 13. Nd2 {[%emt 0:01:28]} Nd4 {[%emt 0:01:11]} 14. Be4 {[%emt 0:01:12]} c6 {[%emt 0:00:56]} 15. Bxd4 {[%emt 0:05:11]} exd4 {[%emt 0:05:39]} 16. Bxg6 {[%emt 0:00:33]} cxd5 {[%emt 0:00:59]} 17. cxd5 {[%emt 0:00:29]} Qg5 {[%emt 0:04:27]} 18. Be4 {[%emt 0:00:12]} d6 {[%emt 0:00:49]} 19. Nc4 {[%emt 0:02:47]} h5 {[%emt 0:01:06]} 20. Nxd6 {[%emt 0:02:01]} h4 {[%emt 0:04:52]} 21. Bg2 {[%emt 0:05:53]} Bf5 {[%emt 0:04:41]} 22. Qd2 {[%emt 0:01:58]} Be5 {[%emt 0:01:20]} 23. Nc4 {[%emt 0:00:18]} Bd7 {[%emt 0:06:35]} 24. b5 {[%emt 0:03:31]} Qf6 {[%emt 0:02:45]} 25. Be4 {[%emt 0:01:26]} Qg7 {[%emt 0:07:35]} 26. a4 {[%emt 0:05:25]} hxg3 {[%emt 0:11:56]} 27. fxg3 {[%emt 0:00:19]} fxg3 {[%emt 0:00:24]} 28. hxg3 {[%emt 0:00:23]} Bxg3 {[%emt 0:01:34]} 29. Kg2 {[%emt 0:01:05]} Bh4 {[%emt 0:04:30]} 1-0

[Event "World Senior chT-65 2019"]
[Site "Rhodes"]
[Date "2019.04.18"]
[Round "3.27"]
[White "Van Herck, Marcel"]
[Black "Baumbach, Friedrich"]
[Result "1/2-1/2"]
[WhiteElo "2066"]
[BlackElo "2089"]
[PlyCount "107"]
[EventDate "2019.04.16"]
[EventType "team-tourn"]
[EventCountry "GRE"]
[TimeControl "40/5400+30:1800+30"]

1. d4 {[%emt 0:00:27]} d5 {[%emt 0:00:00]} 2. c4 {[%emt 0:00:08]} e6 {[%emt 0:00:00]} 3. Nc3 {[%emt 0:00:13]} Nf6 {[%emt 0:00:00]} 4. Nf3 {[%emt 0:02:03]} Be7 {[%emt 0:00:12]} 5. Bf4 {[%emt 0:04:50]} O-O {[%emt 0:01:05]} 6. e3 {[%emt 0:00:09]} c5 {[%emt 0:04:57]} 7. dxc5 {[%emt 0:01:23]} Qa5 {[%emt 0:01:12]} 8. Nd2 {[%emt 0:03:16]} dxc4 {[%emt 0:07:27]} 9. Nxc4 {[%emt 0:00:33]} Qxc5 {[%emt 0:00:59]} 10. Bd6 {[%emt 0:00:28]} Bxd6 {[%emt 0:01:54]} 11. Qxd6 {[%emt 0:00:07]} Na6 {[%emt 0:03:43]} 12. Be2 {[%emt 0:04:30]} Bd7 {[%emt 0:04:19]} 13. Qxc5 {[%emt 0:05:49]} Nxc5 {[%emt 0:00:05]} 14. Ne5 {[%emt 0:00:40]} Rfd8 {[%emt 0:04:37]} 15. O-O {[%emt 0:01:33]} Be8 {[%emt 0:03:51]} 16. Rfd1 {[%emt 0:00:26]} Kf8 {[%emt 0:01:54]} 17. Bf3 {[%emt 0:06:03]} a5 {[%emt 0:08:38]} 18. Rd4 {[%emt 0:12:25]} Rab8 {[%emt 0:15:19]} 19. Rad1 {[%emt 0:04:23]} Ke7 {[%emt 0:01:04]} 20. Rxd8 {[%emt 0:06:52]} Rxd8 {[%emt 0:00:02]} 21. Rxd8 {[%emt 0:00:08]} Kxd8 {[%emt 0:00:02]} 22. Nc4 {[%emt 0:00:39]} a4 {[%emt 0:02:55]} 23. Nd6 {[%emt 0:01:10]} Kc7 {[%emt 0:03:46]} 24. Nxe8+ {[%emt 0:00:36]} Nxe8 {[%emt 0:00:04]} 25. Bd1 {[%emt 0:00:23]} a3 {[%emt 0:02:16]} 26. Nb5+ {[%emt 0:01:52]} Kc6 {[%emt 0:01:45]} 27. Nxa3 {[%emt 0:00:07]} b5 {[%emt 0:00:37]} 28. Kf1 {[%emt 0:12:41]} Nd6 {[%emt 0:01:04]} 29. Ke2 {[%emt 0:06:04]} e5 {[%emt 0:04:41]} 30. f3 {[%emt 0:09:48]} b4 {[%emt 0:07:32]} 31. Nb1 {[%emt 0:05:04]} e4 {[%emt 0:06:05]} 32. Bc2 {[%emt 0:02:48]} f5 {[%emt 0:00:36]} 33. Nd2 {[%emt 0:00:27]} Kd5 {[%emt 0:01:16]} 34. a3 {[%emt 0:01:00]} bxa3 {[%emt 0:00:49]} 35. bxa3 {[%emt 0:00:10]} Nb5 {[%emt 0:01:32]} 36. Nb1 {[%emt 0:03:19]} Kc4 {[%emt 0:04:21]} 37. Kd2 {[%emt 0:00:17]} Nd6 {[%emt 0:04:32]} 38. Nc3 {[%emt 0:01:37]} Nb3+ {[%emt 0:01:00]} 39. Bxb3+ {[%emt 0:00:06]} Kxb3 {[%emt 0:00:04]} 40. Nd5 {[%emt 0:00:00]} Nc4+ {[%emt 0:00:00]} 41. Ke2 {[%emt 0:01:54]} Nxa3 {[%emt 0:11:19]} 42. Ne7 {[%emt 0:00:59]} g6 {[%emt 0:00:20]} 43. Ng8 {[%emt 0:10:05]} Nb5 {[%emt 0:04:04]} 44. Nf6 {[%emt 0:01:46]} Nc3+ {[%emt 0:04:50]} 45. Kd2 {[%emt 0:00:33]} h6 {[%emt 0:01:08]} 46. Ng8 {[%emt 0:00:43]} Nb1+ {[%emt 0:02:28]} 47. Ke1 {[%emt 0:01:22]} Kc2 {[%emt 0:01:20]} 48. fxe4 {[%emt 0:04:29]} fxe4 {[%emt 0:00:11]} 49. Nxh6 {[%emt 0:00:59]} Kd3 {[%emt 0:01:51]} 50. Ng4 {[%emt 0:00:08]} g5 {[%emt 0:04:07]} 51. g3 {[%emt 0:05:08]} Kc4 {[%emt 0:02:36]} 52. Nf6 {[%emt 0:02:07]} Kd3 {[%emt 0:01:03]} 53. Kf2 {[%emt 0:03:39]} Nc3 {[%emt 0:00:25]} 54. Ng4 {[%emt 0:02:39]} 1/2-1/2

[Event "World Senior chT-65 2019"]
[Site "Rhodes"]
[Date "2019.04.18"]
[Round "3.28"]
[White "Just, Joachim"]
[Black "Schrickx, Frank"]
[Result "1/2-1/2"]
[WhiteElo "1970"]
[BlackElo "1823"]
[PlyCount "114"]
[EventDate "2019.04.16"]
[EventType "team-tourn"]
[EventCountry "GRE"]
[TimeControl "40/5400+30:1800+30"]

1. f4 {[%emt 0:00:00]} d5 {[%emt 0:00:00]} 2. e3 {[%emt 0:00:00]} Nf6 {[%emt 0:00:24]} 3. Nf3 {[%emt 0:00:12]} Bg4 {[%emt 0:02:11]} 4. Be2 {[%emt 0:00:55]} e6 {[%emt 0:01:09]} 5. b3 {[%emt 0:00:21]} Nbd7 {[%emt 0:02:38]} 6. Bb2 {[%emt 0:00:18]} Bd6 {[%emt 0:04:19]} 7. O-O {[%emt 0:01:06]} c6 {[%emt 0:01:44]} 8. Qe1 {[%emt 0:02:06]} Qc7 {[%emt 0:03:38]} 9. d4 {[%emt 0:01:29]} Ne4 {[%emt 0:04:34]} 10. Nbd2 {[%emt 0:03:21]} Bb4 {[%emt 0:09:37]} 11. Qd1 {[%emt 0:02:03]} Ndf6 {[%emt 0:07:39]} 12. Nxe4 {[%emt 0:01:49]} Nxe4 {[%emt 0:02:34]} 13. Ne5 {[%emt 0:02:58]} Bxe2 {[%emt 0:01:45]} 14. Qxe2 {[%emt 0:00:11]} g6 {[%emt 0:07:25]} 15. c4 {[%emt 0:01:58]} Bd6 {[%emt 0:02:29]} 16. Nd3 {[%emt 0:03:11]} f5 {[%emt 0:02:52]} 17. c5 {[%emt 0:01:07]} Bf8 {[%emt 0:04:10]} 18. b4 {[%emt 0:00:39]} Bg7 {[%emt 0:01:02]} 19. a4 {[%emt 0:00:21]} O-O {[%emt 0:01:39]} 20. Nf2 {[%emt 0:01:20]} Nf6 {[%emt 0:04:45]} 21. Bc3 {[%emt 0:04:02]} Rfc8 {[%emt 0:04:40]} 22. Rfb1 {[%emt 0:01:08]} Nd7 {[%emt 0:01:30]} 23. Nd3 {[%emt 0:01:03]} b6 {[%emt 0:01:32]} 24. Be1 {[%emt 0:01:25]} bxc5 {[%emt 0:01:06]} 25. bxc5 {[%emt 0:00:58]} a5 {[%emt 0:05:45]} 26. Bh4 {[%emt 0:02:07]} Rcb8 {[%emt 0:01:35]} 27. Qc2 {[%emt 0:00:44]} Rxb1+ {[%emt 0:02:01]} 28. Rxb1 {[%emt 0:00:15]} Rb8 {[%emt 0:01:35]} 29. Rb3 {[%emt 0:01:42]} Bf6 {[%emt 0:01:35]} 30. Be1 {[%emt 0:01:47]} Bd8 {[%emt 0:01:54]} 31. Qb1 {[%emt 0:01:45]} Rxb3 {[%emt 0:01:31]} 32. Qxb3 {[%emt 0:00:09]} Kf7 {[%emt 0:02:18]} 33. Kf1 {[%emt 0:02:34]} Qa7 {[%emt 0:01:58]} 34. Ke2 {[%emt 0:04:58]} Ke8 {[%emt 0:01:01]} 35. Kf3 {[%emt 0:01:10]} Qa6 {[%emt 0:02:23]} 36. h3 {[%emt 0:05:46]} Bc7 {[%emt 0:01:01]} 37. Bh4 {[%emt 0:01:29]} h5 {[%emt 0:01:42]} 38. g4 {[%emt 0:02:12]} hxg4+ {[%emt 0:00:33]} 39. hxg4 {[%emt 0:00:12]} fxg4+ {[%emt 0:00:54]} 40. Kxg4 {[%emt 0:00:00]} Kf7 {[%emt 0:00:00]} 41. Bg5 {[%emt 0:01:16]} Nf6+ {[%emt 0:02:32]} 42. Bxf6 {[%emt 0:00:26]} Kxf6 {[%emt 0:00:03]} 43. Kf3 {[%emt 0:02:41]} Qa8 {[%emt 0:00:48]} 44. Nf2 {[%emt 0:01:57]} Kf7 {[%emt 0:04:32]} 45. Qb1 {[%emt 0:01:25]} Qh8 {[%emt 0:01:00]} 46. Qh1 {[%emt 0:00:16]} Qxh1+ {[%emt 0:02:42]} 47. Nxh1 {[%emt 0:00:05]} Kf6 {[%emt 0:00:40]} 48. Kg4 {[%emt 0:00:31]} Bd8 {[%emt 0:00:24]} 49. Nf2 {[%emt 0:00:22]} Kf7 {[%emt 0:00:17]} 50. Nd3 {[%emt 0:00:19]} Bc7 {[%emt 0:00:11]} 51. Ne1 {[%emt 0:00:31]} Bd8 {[%emt 0:01:15]} 52. Nf3 {[%emt 0:00:14]} Bf6 {[%emt 0:00:50]} 53. Kg3 {[%emt 0:02:19]} Kg7 {[%emt 0:00:56]} 54. Kg4 {[%emt 0:02:12]} Kf7 {[%emt 0:00:38]} 55. Ne5+ {[%emt 0:05:56]} Bxe5 {[%emt 0:00:20]} 56. dxe5 {[%emt 0:00:08]} Kg8 {[%emt 0:00:22]} 57. Kg5 {[%emt 0:01:14]} Kg7 {[%emt 0:00:02]} 1/2-1/2

[Event "World Senior chT-65 2019"]
[Site "Rhodes"]
[Date "2019.04.18"]
[Round "3.29"]
[White "Scrimgour, Alan"]
[Black "Opl, Klaus"]
[Result "1/2-1/2"]
[WhiteElo "2087"]
[BlackElo "2188"]
[PlyCount "46"]
[EventDate "2019.04.16"]
[EventType "team-tourn"]
[EventCountry "GRE"]
[TimeControl "40/5400+30:1800+30"]

1. e4 {[%emt 0:00:00]} e5 {[%emt 0:00:00]} 2. f4 {[%emt 0:00:00]} exf4 {[%emt 0:00:00]} 3. Bc4 {[%emt 0:00:00]} Nc6 {[%emt 0:00:14]} 4. d4 {[%emt 0:00:13]} g5 {[%emt 0:00:30]} 5. Ne2 {[%emt 0:20:06]} Bg7 {[%emt 0:08:06]} 6. O-O {[%emt 0:03:30]} d6 {[%emt 0:04:08]} 7. c3 {[%emt 0:13:39]} Nf6 {[%emt 0:04:53]} 8. Nd2 {[%emt 0:16:06]} O-O {[%emt 0:03:28]} 9. g3 {[%emt 0:03:33]} Bh3 {[%emt 0:01:50]} 10. gxf4 {[%emt 0:03:00]} Bxf1 {[%emt 0:01:04]} 11. Qxf1 {[%emt 0:00:46]} d5 {[%emt 0:02:35]} 12. fxg5 {[%emt 0:09:21]} dxc4 {[%emt 0:04:07]} 13. gxf6 {[%emt 0:00:07]} Qxf6 {[%emt 0:00:14]} 14. Qxf6 {[%emt 0:00:58]} Bxf6 {[%emt 0:00:02]} 15. Nxc4 {[%emt 0:01:44]} Kh8 {[%emt 0:00:28]} 16. Bf4 {[%emt 0:01:12]} Rg8+ {[%emt 0:00:32]} 17. Kf2 {[%emt 0:00:25]} Rae8 {[%emt 0:04:32]} 18. Kf3 {[%emt 0:01:18]} Rg6 {[%emt 0:04:39]} 19. Ne3 {[%emt 0:01:25]} Bg5 {[%emt 0:04:52]} 20. Bxc7 {[%emt 0:01:39]} Bxe3 {[%emt 0:06:25]} 21. Kxe3 {[%emt 0:00:07]} f5 {[%emt 0:00:08]} 22. Ng3 {[%emt 0:06:16]} fxe4 {[%emt 0:02:22]} 23. Rf1 {[%emt 0:01:43]} Rg7 {[%emt 0:11:44] Kxe4 [%clk 00:06:01] [%emt 00:01:01]} 1/2-1/2

[Event "World Senior chT-65 2019"]
[Site "Rhodes"]
[Date "2019.04.18"]
[Round "3.30"]
[White "Woeber, Friedrich"]
[Black "White, Alastair F"]
[Result "1-0"]
[WhiteElo "2114"]
[BlackElo "2108"]
[PlyCount "52"]
[EventDate "2019.04.16"]
[EventType "team-tourn"]
[EventCountry "GRE"]
[TimeControl "40/5400+30:1800+30"]

1. e4 {[%emt 0:00:03]} d6 {[%emt 0:00:00]} 2. d4 {[%emt 0:00:12]} Nf6 {[%emt 0:00:04]} 3. Nc3 {[%emt 0:00:14]} g6 {[%emt 0:00:26]} 4. f4 {[%emt 0:00:20]} Bg7 {[%emt 0:00:23]} 5. Nf3 {[%emt 0:00:09]} O-O {[%emt 0:00:18]} 6. Bd3 {[%emt 0:00:41]} Nc6 {[%emt 0:00:21]} 7. O-O {[%emt 0:01:04]} e5 {[%emt 0:00:35]} 8. fxe5 {[%emt 0:01:43]} dxe5 {[%emt 0:00:11]} 9. d5 {[%emt 0:00:33]} Ne7 {[%emt 0:00:23]} 10. Nxe5 {[%emt 0:11:35]} c6 {[%emt 0:01:01]} 11. Bg5 {[%emt 0:02:17]} cxd5 {[%emt 0:02:09]} 12. exd5 {[%emt 0:03:06]} Qb6+ {[%emt 0:01:42]} 13. Kh1 {[%emt 0:00:53]} Nfxd5 {[%emt 0:07:58]} 14. Nxd5 {[%emt 0:11:25]} Nxd5 {[%emt 0:00:03]} 15. Nxf7 {[%emt 0:00:30]} Be6 {[%emt 0:15:44]} 16. Nh6+ {[%emt 0:00:18]} Kh8 {[%emt 0:00:22]} 17. Qe2 {[%emt 0:05:55]} Rae8 {[%emt 0:08:04]} 18. Rxf8+ {[%emt 0:07:47]} Rxf8 {[%emt 0:03:38]} 19. Re1 {[%emt 0:05:31]} Nb4 {[%emt 0:18:34]} 20. Bc4 {[%emt 0:04:52]} Bxc4 {[%emt 0:02:12]} 21. Qxc4 {[%emt 0:00:06]} Qf2 {[%emt 0:00:49]} 22. Rd1 {[%emt 0:03:14]} Nxc2 {[%emt 0:04:08]} 23. h3 {[%emt 0:08:00]} Ne1 {[%emt 0:01:07]} 24. Qd5 {[%emt 0:03:30]} Qf1+ {[%emt 0:00:22]} 25. Kh2 {[%emt 0:00:08]} Bf6 {[%emt 0:07:17]} 26. Rxe1 {[%emt 0:01:12]} Bg7 {[%emt 0:02:55]} 1-0